Study in infamy: the operation of the Hungarian secret police: based on secret documents issued by the Hungarian Ministry of the Interior (Record no. 373866)

000 -LEADER
fixed length control field 00468cam a22001337a 4500
008 - FIXED-LENGTH DATA ELEMENTS--GENERAL INFORMATION
fixed length control field 180718b1959 xxu||||| |||| 00| 0 eng d
082 ## - DEWEY DECIMAL CLASSIFICATION NUMBER
Classification number N21x4391 M589
100 ## - MAIN ENTRY--PERSONAL NAME
Personal name Mikse, George
245 ## - TITLE STATEMENT
Title Study in infamy: the operation of the Hungarian secret police: based on secret documents issued by the Hungarian Ministry of the Interior
Statement of responsibility, etc. by George Mikes
260 ## - PUBLICATION, DISTRIBUTION, ETC.
Place of publication, distribution, etc. London
Name of publisher, distributor, etc. Andre Deutscn
Date of publication, distribution, etc. 1959
300 ## - PHYSICAL DESCRIPTION
Extent 175p.
500 ## - GENERAL NOTE
General note 15/-
650 ## - SUBJECT ADDED ENTRY--TOPICAL TERM
Topical term or geographic name entry element Secret Service - Hungary
Holdings
Withdrawn status Lost status Damaged status Not for loan Permanent Location Current Location Date acquired Full call number Barcode Date last seen Price effective from Koha item type
        Indian Institute of Public Administration Indian Institute of Public Administration 1994-06-23 N21x4391 M589 19997 2018-07-21 2018-07-21 Book

Powered by Koha